Manipulácia zdrojového kódu s využitím grafických prvkov
Guardado en:
| Autor principal: | |
|---|---|
| Otros Autores: | |
| Formato: | Manuscrito Libro |
| Lenguaje: | eslovaco |
| Publicado: |
2016
|
| Materias: | |
| Acceso en línea: | http://is.stuba.sk/zp/portal_zp.pl?podrobnosti=119285 |
| Etiquetas: |
Sin Etiquetas, Sea el primero en etiquetar este registro!
|
MARC
| LEADER | 00000ntm a22000003a 4500 | ||
|---|---|---|---|
| 001 | stuzp59003 | ||
| 003 | SK-STU | ||
| 005 | 20160719155731.6 | ||
| 007 | ta | ||
| 008 | 150427s2015----xo-----f-mn---000-0-slo-d | ||
| 040 | |a STU |b slo | ||
| 041 | 0 | |a slo | |
| 100 | 1 | |a Mendel, Peter |u 070400 |k Z4 |4 aut |U FIIT Fakulta informatiky a informačných technológií |T FIIT Ústav počítačového inžinierstva a aplikovanej informatiky |X 8346 |U I400 |Y 672 |7 A000008346 | |
| 242 | 0 | 1 | |a Manipulation of source code using graphic elements |y eng |
| 245 | 1 | 0 | |a Manipulácia zdrojového kódu s využitím grafických prvkov |
| 260 | |c 2016 | ||
| 650 | 4 | |a analýza zdrojového kódu |2 slo | |
| 650 | 4 | |a abstraktný syntaktický strom |2 slo | |
| 650 | 4 | |a jazyk Lua |2 slo | |
| 650 | 4 | |a source code analysis |2 eng | |
| 650 | 4 | |a abstract syntax tree |2 eng | |
| 650 | 4 | |a Lua language |2 eng | |
| 700 | 1 | |a Drahoš, Peter |u 070400 |k Z1 |4 ths |U FIIT Fakulta informatiky a informačných technológií |T FIIT Ústav počítačového inžinierstva a aplikovanej informatiky |X 10312 |U I400 |Y 672 |7 A00010312 | |
| 856 | 4 | |u http://is.stuba.sk/zp/portal_zp.pl?podrobnosti=119285 | |
| 996 | |b 8281 |c I* DIP 105/2016 |l II680 |s P |a 0 |w stuzp59003_0001 | ||
| SQL | |a stuzp59003 |b DDP |c SLO |d Manipulácia zdrojového kódu s využitím grafických prvkov |e 8346 |f Mendel, Peter |g 070400 |h 10312 |i Drahoš, Peter |j 20160613 |k 205 |l 07 |m http://is.stuba.sk/zp/portal_zp.pl?podrobnosti=119285 |n I-IS2 |o 9.2.6. informačné systémy | ||